| 000 | 00648nam a22002177a 4500 | ||
|---|---|---|---|
| 003 | OSt | ||
| 005 | 20140310181726.0 | ||
| 008 | 130308t xxu||||| |||| 00| 0 eng d | ||
| 020 | _a0071457577 | ||
| 050 |
_aHF 5718.3 _b.W54 2005 |
||
| 082 |
_aHF 5718.3 _b.W647 2005 |
||
| 100 | _aWienbroer, Diana Roberts. | ||
| 245 |
_aRules of thumb for business writers / _cWienbroer, Diana Roberts ; Hughes, Elaine ; Silverman, Jay |
||
| 250 | _a2nd ed. | ||
| 260 |
_aNew York : _bMcGraw-Hill, _c2005 . |
||
| 300 |
_axi, 240 p. : _c23 cm . |
||
| 650 | _aBusiness writing. | ||
| 650 | _aInternational Baccalaureate. | ||
| 942 |
_2lcc _cBK |
||
| 999 |
_c2181 _d2181 |
||